000 00290 a2200097 4500
020 _a9789364870153
100 _aAshokan Charuvil
245 _aFascisathinethire oru natakam(ഫാസിസത്തിനെതിരെ ഒരു നാടകം)
260 _bD C books
_c2025
942 _cOO
999 _c115328
_d115327